header

The sea (Record no. 6609)

MARC details
000 -LEADER
fixed length control field 01374nam a2200337 a 4500
001 - CONTROL NUMBER
control field ebr10699905
003 - CONTROL NUMBER IDENTIFIER
control field CaPaEBR
006 - FIXED-LENGTH DATA ELEMENTS--ADDITIONAL MATERIAL CHARACTERISTICS--GENERAL INFORMATION
fixed length control field m o u
007 - PHYSICAL DESCRIPTION FIXED FIELD--GENERAL INFORMATION
fixed length control field cr cn|||||||||
008 - FIXED-LENGTH DATA ELEMENTS--GENERAL INFORMATION
fixed length control field 150303s2013 miu sb 001 0 eng d
020 ## - INTERNATIONAL STANDARD BOOK NUMBER
Cancelled/invalid ISBN 9780472118670
Cancelled/invalid ISBN 9780472029013 (e-book)
040 ## - CATALOGING SOURCE
Original cataloging agency CaPaEBR
Transcribing agency CaPaEBR
035 ## - SYSTEM CONTROL NUMBER
System control number (OCoLC)843880834
050 14 - LIBRARY OF CONGRESS CALL NUMBER
Classification number GC29
Item number .S43 2013eb
082 04 - DEWEY DECIMAL CLASSIFICATION NUMBER
Classification number 551.46
Edition number 23
245 04 - TITLE STATEMENT
Title The sea
Medium [electronic resource] :
Remainder of title thalassography and historiography /
Statement of responsibility, etc Peter N. Miller, editor.
260 ## - PUBLICATION, DISTRIBUTION, ETC. (IMPRINT)
Place of publication, distribution, etc Ann Arbor, Mich. :
Name of publisher, distributor, etc University of Michigan Press,
Date of publication, distribution, etc c2013.
300 ## - PHYSICAL DESCRIPTION
Extent 1 online resource (x, 293 p.)
504 ## - BIBLIOGRAPHY, ETC. NOTE
Bibliography, etc Includes bibliographical references and index.
533 ## - REPRODUCTION NOTE
Type of reproduction Electronic reproduction.
Place of reproduction Palo Alto, Calif. :
Agency responsible for reproduction ebrary,
Date of reproduction 2015.
Note about reproduction Available via World Wide Web.
-- Access may be limited to ebrary affiliated libraries.
588 ## - SOURCE OF DESCRIPTION NOTE
Source of description note Description based on online resource; title from title page (ebrary, viewed May 24, 2013).
650 #0 - SUBJECT ADDED ENTRY--TOPICAL TERM
Topical term or geographic name as entry element Oceanography
General subdivision History.
Topical term or geographic name as entry element Seas
General subdivision History.
Topical term or geographic name as entry element Seas
General subdivision Historiography.
Topical term or geographic name as entry element Seas
General subdivision Social aspects
-- History.
655 #7 - INDEX TERM--GENRE/FORM
Genre/form data or focus term Electronic books.
Source of term local
700 1# - ADDED ENTRY--PERSONAL NAME
Personal name Miller, Peter N.,
Dates associated with a name 1964-
710 2# - ADDED ENTRY--CORPORATE NAME
Corporate name or jurisdiction name as entry element ebrary, Inc.
856 40 - ELECTRONIC LOCATION AND ACCESS
Uniform Resource Identifier <a href="http://site.ebrary.com/lib/rucke/Doc?id=10699905">http://site.ebrary.com/lib/rucke/Doc?id=10699905</a>
Public note An electronic book accessible through the World Wide Web; click to view

No items available.

© 2026 Rongo University
Contact us: librarian | system librarian | Rongo university